Language Quiz

Random Language or Letter Quiz

'EI' or 'IE'? Quiz Stats

 Plays Quiz Updated Apr 28, 2013

Challenge
Share
Tweet
Embed
Score 0/32 Timer 05:00
0 Plays Today
This.. Word % Correct
ambience..???
98.2%
ancient..???
97.5%
hieght..???
95.1%
nieghbour..???
94.9%
cieling..???
94.8%
glacier..???
94.6%
science..???
93.8%
soldier..???
93.8%
foriegn..???
93.6%
sliegh..???
93.4%
species..???
93.4%
liesure..???
93.3%
niether..???
92.9%
protien..???
92.2%
society..???
92.1%
counterfiet..???
91.6%
This.. Word % Correct
hiest..???
91.4%
caffiene..???
90.2%
soveriegn..???
89.3%
wierd..???
89.1%
diesel..???
87.9%
siezure..???
87.7%
reciept..???
87.2%
siesmic..???
87.1%
concieve..???
86%
decieve..???
85.3%
kaliedoscope..???
83.4%
onomatopoiea..???
82%
mieosis..???
81.2%
athiest..???
77.7%
buddliea..???
77%
diety..???
74.9%

You're not logged in!

Compare scores with friends on all Sporcle quizzes.
OR
Log In

You Might Also Like...

Show Comments

Extras

Top Quizzes Today


Score Distribution

Your Account Isn't Verified!

In order to create a playlist on Sporcle, you need to verify the email address you used during registration. Go to your Sporcle Settings to finish the process.

Report this User

Report this user for behavior that violates our Community Guidelines.

Details: